[Event "Mechanics' Leighton Allen TNM; G/2"]
[Site "San Francisco"]
[Date "2015.08.04"]
[Round "1.21"]
[White "Sarafian, Greg M"]
[Black "Mathrubootham, Ganesh"]
[Result "1-0"]
[WhiteElo "1913"]
[BlackElo "1346"]
[PlyCount "63"]
[EventDate "2015.??.??"]

1. d4 d5 2. c4 Nc6 3. cxd5 Qxd5 4. e3 e5 5. Nc3 Bb4 6. Bd2 Bxc3 7. bxc3 Nf6 8.
c4 Qd6 9. d5 Ne7 10. Qa4+ Bd7 11. Qb3 Rb8 12. f3 O-O 13. Bb4 c5 14. dxc6 Qxc6
15. Bxe7 Rfe8 16. Bxf6 Qxf6 17. Rd1 Be6 18. a4 e4 19. f4 Red8 20. Ne2 Rxd1+ 21.
Qxd1 Bg4 22. Qc1 Qb6 23. Nd4 Qb4+ 24. Kf2 Rd8 25. h3 Bd7 26. Be2 Bxa4 27. Qa1
Bc6 28. Rb1 Qe7 29. Qxa7 Qh4+ 30. Kg1 Qg3 31. Nf5 Qg6 32. Ne7+ 1-0

[Event "Mechanics' Fall TNM; G/2"]
[Site "San Francisco"]
[Date "2015.12.01"]
[Round "7.8"]
[White "Sarafian, Greg M"]
[Black "Tracy, Joseph J"]
[Result "0-1"]
[WhiteElo "1913"]
[BlackElo "2196"]
[PlyCount "56"]
[EventDate "2015.??.??"]

1. d4 e6 2. c4 Nf6 3. Nf3 b6 4. Bf4 Bb7 5. e3 Bb4+ 6. Nbd2 O-O 7. Bd3 d5 8. O-O
Nbd7 9. Bg5 h6 10. Bh4 Be7 11. Rc1 c5 12. cxd5 exd5 13. Bb1 Ne4 14. Bxe7 Qxe7
15. dxc5 Ndxc5 16. Nd4 Ba6 17. Re1 Qh4 18. g3 Qh3 19. b4 Nd3 20. Bxd3 Bxd3 21.
Nxe4 dxe4 22. Rc7 a5 23. b5 Rad8 24. Qb3 Rd6 25. Rc6 Rfd8 26. Rec1 Rd5 27. f4
exf3 28. Nxf3 Be4 0-1

[Event "Mechanics' Fall TNM; G/2"]
[Site "San Francisco"]
[Date "2015.10.27"]
[Round "2.4"]
[White "Sarafian, Greg M"]
[Black "Vickers, Keith"]
[Result "1/2-1/2"]
[WhiteElo "1913"]
[BlackElo "2200"]
[PlyCount "69"]
[EventDate "2015.??.??"]

1. d4 f5 2. Nf3 Nf6 3. Nc3 d5 4. Bf4 e6 5. e3 a6 6. Bd3 c5 7. O-O Nc6 8. a4 Bd7
9. Bg5 c4 10. Be2 Be7 11. Ne5 O-O 12. f4 Nxe5 13. fxe5 Ne4 14. Nxe4 Bxg5 15.
Nxg5 Qxg5 16. Rf4 b5 17. a5 b4 18. Kh1 Qe7 19. Qg1 g5 20. Rf2 g4 21. g3 h5 22.
h4 Bb5 23. c3 bxc3 24. bxc3 Rab8 25. Rff1 Rb7 26. Rfb1 Rfb8 27. Qc1 Bc6 28.
Rxb7 Rxb7 29. Bd1 Rb8 30. Rb1 Rxb1 31. Qxb1 Qb7 32. Qxb7 Bxb7 33. Ba4 Kf8 34.
Kg2 Ke7 35. Kf2 1/2-1/2

[Event "Mechanics' Summer TNM; G/2"]
[Site "San Francisco"]
[Date "2015.07.14"]
[Round "8.41"]
[White "Schnaiderman, Lazar"]
[Black "Eytan, David"]
[Result "0-1"]
[WhiteElo "1826"]
[BlackElo "1576"]
[PlyCount "76"]
[EventDate "2015.??.??"]

1. d4 f5 2. Nc3 Nf6 3. Bg5 e6 4. e4 Be7 5. Bxf6 Bxf6 6. Nf3 fxe4 7. Nxe4 O-O 8.
Bd3 Nc6 9. c3 h6 10. Qe2 d5 11. Nxf6+ Qxf6 12. O-O Bd7 13. Rae1 Rae8 14. Ne5
Nxe5 15. Qxe5 Re7 16. b4 Be8 17. Re3 Bg6 18. Qxf6 Rxf6 19. Bxg6 Rxg6 20. Rfe1
Rf6 21. f3 g5 22. Re5 c6 23. h4 gxh4 24. Rh5 Rg7 25. Rxh4 Rxf3 26. Rxh6 Rxc3
27. Rhxe6 Rc4 28. Re8+ Kh7 29. R1e3 Rxb4 30. Rh3+ Kg6 31. Rg3+ Kf7 32. Rge3 Rb2
33. R8e7+ Kg8 34. Re8+ Kh7 35. Rh3+ Kg6 36. Rg3+ Kf7 37. Rxg7+ Kxg7 38. Kh2 a5
0-1

[Event "Mechanics' Summer TNM; G/2"]
[Site "San Francisco"]
[Date "2015.06.30"]
[Round "6.8"]
[White "Senthilkumar, Pranav"]
[Black "Askin, Michael"]
[Result "0-1"]
[WhiteElo "1948"]
[BlackElo "2080"]
[PlyCount "56"]
[EventDate "2015.??.??"]

1. d4 d5 2. Nf3 Nf6 3. Bg5 c5 4. c3 Ne4 5. Bf4 cxd4 6. cxd4 Nc6 7. e3 f6 8.
Nbd2 g5 9. Bg3 h5 10. h3 Nxg3 11. fxg3 Qd6 12. Kf2 h4 13. g4 Qg3+ 14. Kg1 Bd7
15. Bd3 O-O-O 16. Nf1 Qd6 17. a3 e6 18. Qc2 Kb8 19. Rc1 Be7 20. g3 Rdf8 21.
gxh4 gxh4 22. Qh2 e5 23. dxe5 fxe5 24. Rxc6 Bxc6 25. Nxe5 d4 26. Nxc6+ bxc6 27.
exd4 Rf4 28. d5 Qc5+ 0-1

[Event "Mechanics' Summer TNM; G/2"]
[Site "San Francisco"]
[Date "2015.06.16"]
[Round "4.6"]
[White "Senthilkumar, Pranav"]
[Black "Basak, Aniruddha"]
[Result "1/2-1/2"]
[WhiteElo "1948"]
[BlackElo "2031"]
[Annotator "Donaldson"]
[PlyCount "59"]
[EventDate "2015.??.??"]

1. d4 Nf6 2. Nf3 g6 3. Bg5 Bg7 4. c3 c5 5. e3 O-O 6. Nbd2 d6 7. Bxf6 Bxf6 8.
Ne4 Bg7 9. dxc5 d5 10. Ned2 a5 11. Nd4 Nd7 12. c6 Nc5 13. cxb7 Bxb7 14. Be2 e5
15. N4b3 Ne6 16. Nf3 a4 17. Nbd2 f5 18. O-O f4 19. Re1 e4 20. Nd4 Nxd4 21. cxd4
Qg5 22. Bf1 Ba6 23. Bxa6 Rxa6 24. Qe2 f3 25. Qf1 Rb6 26. b3 {Diagram #} Bxd4 $1
27. Nxf3 $1 exf3 28. exd4 Rbf6 (28... fxg2 29. Qxg2 Qxg2+ 30. Kxg2 axb3 31.
axb3 Rxb3 32. Re5 Rb2 $11) 29. g3 axb3 30. axb3 $14 1/2-1/2

[Event "Mechanics' Summer TNM; G/2"]
[Site "San Francisco"]
[Date "2015.06.02"]
[Round "2.20"]
[White "Senthilkumar, Pranav"]
[Black "Chea, Na"]
[Result "1-0"]
[WhiteElo "1948"]
[BlackElo "1630"]
[Annotator "Donaldson"]
[PlyCount "115"]
[EventDate "2015.??.??"]

1. d4 c6 2. Nf3 d5 3. c3 Nf6 4. Bg5 Bf5 5. e3 e6 6. Bd3 Bxd3 7. Qxd3 Be7 8.
Nbd2 Nbd7 9. O-O h6 10. Bxf6 Bxf6 11. e4 dxe4 12. Nxe4 O-O 13. Nxf6+ Qxf6 14.
Rfe1 Rfd8 15. Qc2 Nb6 16. Ne5 Nd5 17. g3 Nb6 18. Re4 Qe7 19. Rae1 c5 20. Rf4
Rf8 21. Qb3 cxd4 $2 {Diagram [#]} (21... Nd5) 22. Ng6 $1 fxg6 23. Rxe6 Qc5 24.
Rxb6+ $2 (24. Re8+ Kh7 25. Rfxf8 $18) 24... Kh7 $11 25. Rb5 Qe7 26. cxd4 Rxf4
27. gxf4 Qe1+ 28. Kg2 Qe4+ 29. Kg3 Qxd4 30. Rxb7 Rf8 31. Qe3 Qd8 32. Qe5 Qd3+
33. Kg2 Rg8 34. Rxa7 h5 35. Ra3 Qd7 36. Re3 Qb7+ 37. Kg3 Qh1 38. Re1 h4+ 39.
Kg4 Qg2+ 40. Kxh4 Rh8 (40... Qxh2+) 41. Qe6 Qxf2+ 42. Kg5 Qg2+ 43. Qg4 Qd5+ 44.
Kh4 Kg8+ 45. Kg3 Qd3+ 46. Kg2 Rh6 47. a4 Qc2+ 48. Qe2 Qxa4 49. Qe8+ Qxe8 50.
Rxe8+ Kf7 51. Rb8 Rh5 52. b4 Rd5 53. Kf3 Rd3+ 54. Kg4 Rd4 55. b5 Rb4 56. Kg5
Rb2 57. Rb7+ Kf8 58. Kxg6 {And White later won.} 1-0

[Event "Mechanics' Leighton Allen TNM; G/2"]
[Site "San Francisco"]
[Date "2015.08.04"]
[Round "1.17"]
[White "Senthilkumar, Pranav"]
[Black "Liang, Ting"]
[Result "1-0"]
[WhiteElo "1998"]
[BlackElo "1430"]
[PlyCount "81"]
[EventDate "2015.??.??"]

1. d4 Nf6 2. Nf3 g6 3. Bg5 Bg7 4. c3 d5 5. Nbd2 Bf5 6. e3 O-O 7. Be2 Nbd7 8.
O-O c5 9. Bxf6 Bxf6 10. Nb3 c4 11. Nbd2 b5 12. Re1 e5 13. dxe5 Nxe5 14. Nxe5
Bxe5 15. Nf3 Bg7 16. Nd4 Qd7 17. Nxf5 Qxf5 18. Bf3 Rad8 19. a4 b4 20. Qd2 bxc3
21. bxc3 Rd7 22. h3 h5 23. Rab1 a6 24. Rb6 Qe5 25. Rc1 Ra8 26. Rc6 Qe7 27. Bxd5
Rad8 28. e4 Qxe4 29. Bxe4 Rxd2 30. Bf3 Ra2 31. Rxc4 Rdd2 32. Rc8+ Kh7 33. Rc7
Rxf2 34. Rxf7 Kg8 35. Ra7 Rfc2 36. Re1 Rxa4 37. Bd5+ Kh8 38. Bb3 Raa2 39. Bxa2
Rxa2 40. Re8+ Kh7 41. Ree7 1-0

[Event "Mechanics' Summer TNM; G/2"]
[Site "San Francisco"]
[Date "2015.07.14"]
[Round "8.9"]
[White "Senthilkumar, Pranav"]
[Black "Marcus, Joel"]
[Result "1-0"]
[WhiteElo "1948"]
[BlackElo "1820"]
[PlyCount "36"]
[EventDate "2015.??.??"]

1. Nf3 Nf6 2. d4 d5 3. Bg5 c5 4. c3 Nc6 5. e3 Bf5 6. Bxf6 gxf6 7. Bd3 Bg6 8.
Qc2 e5 9. Bxg6 hxg6 10. dxe5 fxe5 11. e4 d4 12. cxd4 exd4 13. Nbd2 b5 14. e5
Qd5 15. Ne4 Be7 16. Qe2 O-O 17. O-O Nxe5 18. Nxe5 Qxe5 {
Remaining moves unavailable.} 1-0

[Event "Mechanics' Leighton Allen TNM; G/2"]
[Site "San Francisco"]
[Date "2015.08.18"]
[Round "3.17"]
[White "Senthilkumar, Pranav"]
[Black "McKellar, Daniel"]
[Result "0-1"]
[WhiteElo "1998"]
[BlackElo "1615"]
[PlyCount "86"]
[EventDate "2015.??.??"]

1. d4 d5 2. Nf3 Nf6 3. Bg5 Ne4 4. Bf4 c5 5. c3 Qb6 6. Qc1 Nc6 7. e3 Bf5 8. Nbd2
e6 9. Be2 Be7 10. O-O O-O 11. Nxe4 Bxe4 12. Nd2 Bg6 13. Nf3 Be4 14. Ne5 Nxe5
15. Bxe5 Rac8 16. Qd2 Rfd8 17. Bg3 Bg6 18. b3 Qa5 19. dxc5 Qxc5 20. Be5 a6 21.
Rac1 Be4 22. c4 dxc4 23. Qb2 Qa3 24. Bxc4 Qxb2 25. Bxb2 Rd2 26. Bc3 Rxa2 27.
Rfd1 b5 28. Bf1 Bd5 29. b4 f6 30. Bd3 Ra3 31. Bb2 Rxc1 32. Bxc1 Rb3 33. e4 Bc6
34. Be3 Rxb4 35. f3 Rb3 36. Bf2 Rc3 37. Be1 Ra3 38. Rc1 Rxd3 39. Rxc6 Rd6 40.
Rc8+ Kf7 41. Rc7 Ke8 42. Ra7 Rd1 43. Kf2 Bc5+ 0-1

[Event "Mechanics' Winter TNM; 30/90, SD/30"]
[Site "San Francisco"]
[Date "2015.01.13"]
[Round "2.23"]
[White "Shakhnazarov, Oleg"]
[Black "Louie, Henry"]
[Result "1-0"]
[WhiteElo "2140"]
[BlackElo "1532"]
[Annotator "Donaldson"]
[PlyCount "69"]
[EventDate "2015.??.??"]

1. e4 e6 2. d4 d5 3. e5 c5 4. c3 Qb6 5. Nf3 Bd7 6. Be2 Bb5 7. dxc5 Bxe2 8. Qxe2
Bxc5 9. O-O Nc6 (9... Qa6) 10. a4 a5 11. Na3 Bxa3 12. Rxa3 Nge7 13. Be3 Qc7 14.
Qb5 O-O 15. Bb6 Qd7 16. Re1 Nb8 17. Bxa5 Qxb5 18. axb5 Nd7 19. Rea1 Rfc8 20.
Bb4 Rxa3 21. Rxa3 Ng6 22. Bd6 d4 23. Nxd4 Ngxe5 24. Ra7 Nc4 25. Rxb7 Nxd6 26.
Rxd7 Nc4 27. Nc6 Kf8 28. b3 Ke8 29. Re7+ Kf8 30. Rd7 Nb6 31. Rb7 Ra8 32. g3 Nd5
33. c4 Nc3 34. b6 Ke8 35. Ra7 1-0

[Event "Mechanics' Winter TNM; 30/90, SD/30"]
[Site "San Francisco"]
[Date "2015.01.27"]
[Round "4.8"]
[White "Shaknazarov, Oleg"]
[Black "Bachseitz, Martin"]
[Result "1-0"]
[WhiteElo "2140"]
[BlackElo "1712"]
[PlyCount "95"]
[EventDate "2015.??.??"]

1. e4 c6 2. d4 d5 3. e5 Bf5 4. Ne2 e6 5. Ng3 Bg6 6. Be2 c5 7. dxc5 Bxc5 8. O-O
Nc6 9. Bb5 Qb6 10. a4 a6 11. Bd3 Nxe5 12. a5 Qc6 13. Re1 Nxd3 14. cxd3 Nf6 15.
Nc3 O-O 16. Bg5 Nd7 17. Rc1 Qd6 18. h4 Qxg3 19. d4 Bxd4 20. Qxd4 Qd6 21. Bf4
Qc5 22. Qa4 Qc4 23. Qxd7 Qxf4 24. Qe7 Qf6 25. Qb4 d4 26. Na4 d3 27. Nc5 Rfd8
28. Qd2 Qxh4 29. Nxb7 Rdb8 30. Nd6 Qd4 31. Nc4 Rb5 32. Rc3 Re8 33. Rec1 Rh5 34.
Ne3 Qh4 35. f3 Qh2+ 36. Kf2 f5 37. Nf1 Qh4+ 38. g3 Qd4+ 39. Kg2 f4 40. Rc4 Qe5
41. Re1 Qd5 42. Rxf4 e5 43. Ne3 Qd7 44. Rg4 Bf5 45. Nxf5 Rxf5 46. Re3 Rd8 47.
Rge4 Qd5 48. g4 {Both scoresheets end here. White eventually won.} 1-0

[Event "Mechanics' Winter TNM; 30/90, SD/30"]
[Site "San Francisco"]
[Date "2015.02.10"]
[Round "6.4"]
[White "Shaknazarov, Oleg"]
[Black "Bekhtur, Bayaraa"]
[Result "1-0"]
[WhiteElo "2140"]
[BlackElo "1731"]
[Annotator "Donaldson"]
[PlyCount "53"]
[EventDate "2015.??.??"]

1. e4 e5 2. Nf3 Nc6 3. Bb5 a6 4. Ba4 Nf6 5. O-O Be7 6. Re1 b5 7. Bb3 d6 8. c3
Na5 9. Bc2 c5 10. h3 Bb7 11. d3 Qc7 12. Nbd2 Nc6 13. Nf1 h6 14. Ne3 O-O 15. Nf5
Rfc8 16. g4 Bf8 17. g5 Nh7 18. gxh6 g6 19. Ne3 Qd7 20. Kh2 Bxh6 21. Nd5 Bxc1
22. Qxc1 Qd8 23. Qh6 Ne7 {Diagram #} 24. Ng5 $1 Bxd5 (24... Nxg5 25. Nf6#) 25.
Qxh7+ Kf8 26. exd5 Ke8 27. Qxf7+ 1-0

[Event "Mechanics' Winter TNM; 30/90, SD/30"]
[Site "San Francisco"]
[Date "2015.02.24"]
[Round "8.1"]
[White "Shaknazarov, Oleg"]
[Black "Winslow, Elliott"]
[Result "0-1"]
[WhiteElo "2140"]
[BlackElo "2283"]
[Annotator "Winslow"]
[PlyCount "78"]
[EventDate "2015.??.??"]

1. e4 c5 2. Nf3 e6 3. d4 cxd4 4. Nxd4 Nc6 5. Nb5 d6 6. Be2 Nf6 7. O-O $5 $146
Nxe4 8. Bf3 Nf6 9. Bg5 Be7 10. N1c3 a6 (10... d5) (10... O-O) 11. Bxf6 gxf6 12.
Nd4 (12. Bxc6+ bxc6 13. Nd4 Bd7 14. Qf3 d5 15. Qg3) 12... d5 13. Re1 O-O 14.
Nce2 e5 (14... Bd7) (14... Ne5) (14... f5) 15. Nxc6 bxc6 16. Ng3 Be6 17. Bg4
Qd7 18. Bxe6 fxe6 19. f4 exf4 (19... Bd6 $1) 20. Qg4+ Kh8 21. Nh5 Bc5+ 22. Kh1
Be3 (22... f3 $1) 23. Rad1 Rae8 (23... f5 24. Qf3 e5) 24. c4 (24. Nxf4 Bxf4 25.
Qxf4 e5) 24... d4 25. g3 c5 $1 26. Qf3 e5 27. gxf4 Qf5 (27... Qf7) 28. Ng3 Qxf4
29. Qg2 e4 30. Rf1 Qg4 31. h3 Qg6 32. Qh2 Re5 33. Ne2 Rg8 34. b4 d3 35. Nc3 Bd4
36. Nd5 e3 37. Nxf6 e2 38. Nxg8 exf1=Q+ 39. Rxf1 Re2 {
0-1 Shakhnazarov, O-Winslow,E/San Francisco 2015/[Winslow,Elliott]} 0-1

[Event "Mechanics' Spring TNM; G/2"]
[Site "San Francisco"]
[Date "2015.03.17"]
[Round "1.2"]
[White "Shaw, Tenzing"]
[Black "Bertot, German"]
[Result "1-0"]
[WhiteElo "2255"]
[BlackElo "1628"]
[Annotator "Donaldson"]
[PlyCount "41"]
[EventDate "2015.??.??"]

1. d4 d5 2. c4 c6 3. Nc3 Nf6 4. e3 Bf5 5. cxd5 cxd5 6. Qb3 Bc8 7. Nf3 e6 8. Bd2
Be7 9. g4 O-O 10. Rg1 Nc6 11. Bd3 a6 12. Rd1 Na5 13. Qc2 b5 $2 14. g5 Nh5 15.
Bxh7+ Kh8 16. Bd3 g6 17. h4 Bb7 18. Bxg6 fxg6 19. Qxg6 Ng7 20. Qh6+ Kg8 21. g6
1-0

[Event "Mechanics' Spring TNM; G/2"]
[Site "San Francisco"]
[Date "2015.04.28"]
[Round "7.2"]
[White "Shaw, Tenzing"]
[Black "Doyle, Bryon"]
[Result "1-0"]
[WhiteElo "2255"]
[BlackElo "2158"]
[PlyCount "59"]
[EventDate "2015.??.??"]

1. d4 Nf6 2. c4 c5 3. d5 b5 4. Nf3 bxc4 5. Nc3 e6 6. e4 exd5 7. e5 d4 8. exf6
d5 $5 9. Nxd4 $1 cxd4 10. Qxd4 Nc6 11. Qxd5 Nd4 12. Qxd8+ Kxd8 13. Bg5 Kc7 14.
O-O-O Ne6 15. Bh4 gxf6 16. Nd5+ Kc6 17. Bxf6 Rg8 18. g3 Bh6+ 19. f4 Kc5 20.
Be7+ Kb5 21. a4+ Ka6 22. Bxc4+ Kb7 23. Nf6 Nxf4 24. Nxg8 Ne2+ 25. Kb1 Bf5+ 26.
Ka1 Rxg8 27. Bxe2 Be4 28. Rhe1 Re8 29. Ba6+ Kxa6 30. Rxe4 1-0

[Event "Mechanics' Winter TNM; 30/90, SD/30"]
[Site "San Francisco"]
[Date "2015.02.10"]
[Round "6.3"]
[White "Shaw, Tenzing"]
[Black "Gaffagan, Steven"]
[Result "1-0"]
[WhiteElo "2255"]
[BlackElo "2150"]
[PlyCount "91"]
[EventDate "2015.??.??"]

1. c4 b5 2. cxb5 a6 3. bxa6 Bxa6 4. Nf3 g6 5. d4 Bg7 6. Nc3 Nf6 7. g3 O-O 8.
Bg2 Ra7 9. O-O c6 10. Rb1 d6 11. b4 Nbd7 12. a4 Nb6 13. b5 Bb7 14. Qb3 Nfd7 15.
Be3 cxb5 16. axb5 Qa8 17. Ne1 Bxg2 18. Nxg2 Ra3 19. Qb2 Nc4 20. Qb4 Ndb6 21.
Bc1 Ra7 22. Ne3 Nxe3 23. Bxe3 Rc8 24. Rfd1 Rc4 25. Qb2 Ra3 26. Rd3 Ra7 27. f3
h5 28. Bf2 d5 29. e3 e6 30. Rdd1 Ra3 31. Rd3 Raxc3 32. Rxc3 Na4 33. Ra3 Bf8 34.
Raa1 Qb8 35. Qb3 Nb6 36. Be1 Qc7 37. Ra6 h4 38. gxh4 Bd6 39. f4 Rc2 40. Rxb6
Bxf4 41. exf4 Re2 42. Rc6 Qxf4 43. Qg3 Qxd4+ 44. Bf2 Qd2 45. Rc8+ Kh7 46. Rf1
1-0

[Event "Mechanics' Winter TNM; 30/90, SD/30"]
[Site "San Francisco"]
[Date "2015.01.06"]
[Round "1.3"]
[White "Shaw, Tenzing"]
[Black "Handler, Andrew"]
[Result "1-0"]
[WhiteElo "2255"]
[BlackElo "1672"]
[Annotator "Donaldson"]
[PlyCount "31"]
[EventDate "2015.??.??"]

1. e4 c5 2. Nf3 Nc6 3. c3 d5 4. exd5 Qxd5 5. d4 Bg4 6. Be2 e6 7. O-O Nf6 8. Be3
cxd4 9. cxd4 Be7 10. Nc3 Qd8 $2 (10... Qd6 11. Qb3 O-O 12. Qxb7 $2 Rab8 {
recovers the pawn with the better game.}) 11. Qb3 Rb8 12. Rfd1 O-O 13. h3 Bh5
14. d5 $1 exd5 15. Nxd5 Nxd5 $4 ({This drops a piece. The awkward} 15... Qe8 {
had to be played.}) 16. Rxd5 1-0

[Event "Mechanics' Winter TNM; 30/90, SD/30"]
[Site "San Francisco"]
[Date "2015.02.24"]
[Round "8.2"]
[White "Shaw, Tenzing"]
[Black "Lee, Andy"]
[Result "1/2-1/2"]
[WhiteElo "2255"]
[BlackElo "2386"]
[PlyCount "120"]
[EventDate "2015.??.??"]

1. e4 e5 2. Nf3 Nc6 3. Bb5 a6 4. Ba4 Nf6 5. d3 b5 6. Bb3 Bc5 7. O-O d6 8. c3
O-O 9. Re1 h6 10. Nbd2 Be6 11. Nf1 Bxb3 12. axb3 d5 13. Qe2 dxe4 14. dxe4 Ng4
15. Ne3 Bxe3 16. Bxe3 Qe7 17. Ra2 Rfb8 18. Rea1 Qe6 19. Nd2 Rd8 20. Bc5 Nf6 21.
b4 Kh7 22. Ra3 Rd7 23. f3 Nh5 24. g3 Rad8 25. Be3 Rd6 26. Nb3 Qg6 27. Kf2 Nb8
28. Nc5 Rc6 29. b3 Nf6 30. c4 bxc4 31. bxc4 Re8 32. Rd1 Rb6 33. Qd2 Rd6 34. Rd3
Red8 35. Qc3 Rxd3 36. Rxd3 Rxd3 37. Nxd3 Qh5 38. Kg2 Nfd7 39. b5 f5 40. Nf2 Qf7
41. exf5 Qxf5 42. Ne4 Qe6 43. Qb4 axb5 44. cxb5 Nb6 45. Qc5 Nd5 46. Bf2 Nd7 47.
Qa7 N7b6 48. Qb7 Nc4 49. Qa7 Qd7 50. Qc5 Ncb6 51. Nc3 Nxc3 52. Qxc3 Qxb5 53.
Qxc7 Nc4 54. Qc5 Qb3 55. Qc6 Nd2 56. Be1 e4 57. Bxd2 Qxf3+ 58. Kh3 Qh5+ 59. Kg2
Qe2+ 60. Kh3 Qh5+ 1/2-1/2

[Event "Mechanics' Winter TNM; 30/90, SD/30"]
[Site "San Francisco"]
[Date "2015.02.03"]
[Round "5.3"]
[White "Shaw, Tenzing"]
[Black "Shaknazarov, Oleg"]
[Result "1-0"]
[WhiteElo "2255"]
[BlackElo "2140"]
[PlyCount "75"]
[EventDate "2015.??.??"]

1. e4 e5 2. Nf3 Nc6 3. Bb5 a6 4. Ba4 Nf6 5. d3 b5 6. Bb3 Be7 7. a4 b4 8. Nbd2
O-O 9. O-O d6 10. h3 Na5 11. Ba2 c5 12. Re1 Rb8 13. Nb3 Nc6 14. c3 Ne8 15. Be3
Nc7 16. d4 exd4 17. cxd4 c4 18. Nbd2 c3 19. bxc3 bxc3 20. Nb1 d5 21. exd5 Nxd5
22. Bxd5 Qxd5 23. Nxc3 Qf5 24. d5 Nb4 25. Ba7 Rb7 26. Rxe7 Rxe7 27. Bc5 Rb7 28.
Bxf8 Kxf8 29. Qd4 h6 30. Rd1 Kg8 31. Ne4 Qg6 32. Ne5 Qh5 33. Rc1 Bxh3 34. gxh3
Qxh3 35. Rc3 Qh4 36. Ng4 Qxg4+ 37. Rg3 Nc2 38. Nf6+ 1-0

[Event "Mechanics' Winter TNM; 30/90, SD/30"]
[Site "San Francisco"]
[Date "2015.01.20"]
[Round "3.2"]
[White "Shaw, Tenzing"]
[Black "Uzzaman, Ashik"]
[Result "1-0"]
[WhiteElo "2255"]
[BlackElo "1938"]
[PlyCount "145"]
[EventDate "2015.??.??"]

1. c4 c5 2. g3 Nf6 3. Bg2 e6 4. Nf3 d5 5. cxd5 exd5 6. d4 b6 7. O-O Bb7 8. b3
Be7 9. Bb2 O-O 10. Na3 Na6 11. Nc2 Rc8 12. Ne3 c4 13. Rc1 b5 14. a4 Qa5 15.
axb5 Qxb5 16. Nd2 Rc7 17. Ba1 Rfc8 18. bxc4 dxc4 19. Bxb7 Qxb7 20. Rxc4 Nb4 21.
Qa4 Rxc4 22. Ndxc4 Nfd5 23. Nxd5 Qxd5 24. Ne3 Qa8 25. d5 g6 26. Qd7 Bg5 27. f4
Rd8 28. Qb5 Be7 29. Rd1 a6 30. Qc4 Qa7 31. Bd4 Qb7 32. Bc3 Qb6 33. Bd4 Qd6 34.
Be5 Qc5 35. Qxc5 Bxc5 36. Bd4 Be7 37. Bb6 Rd7 38. Kf2 f6 39. Kf3 Kf7 40. Ke4
Rb7 41. Nc4 f5+ 42. Kf3 Ke8 43. e4 fxe4+ 44. Kxe4 Kd7 45. d6 Bf6 46. Bc7 Na2
47. Ne5+ Ke6 48. Rd3 Rb4+ 49. Ke3 Rb7 50. Ng4 Nb4 51. Nxf6 Kxf6 52. d7 Nc6 53.
d8=Q+ Nxd8 54. Bxd8+ Ke6 55. Ba5 Rb2 56. Bd2 Rb1 57. Ra3 Rh1 58. Rxa6+ Kf5 59.
h4 Kg4 60. Ra7 h5 61. Ra6 Kxg3 62. Rxg6+ Kxh4 63. f5 Rf1 64. Ke4 Kh3 65. f6 h4
66. Ke5 Kh2 67. Bf4+ Kh3 68. Rh6 Kg4 69. f7 Re1+ 70. Kf6 Rf1 {Diagram #} 71.
Rxh4+ Kxh4 72. Kf5 Ra1 73. f8=Q 1-0

[Event "Mechanics' Spring TNM; G/2"]
[Site "San Francisco"]
[Date "2015.03.31"]
[Round "3.2"]
[White "Shaw, Tenzing"]
[Black "Walder, Michael"]
[Result "1-0"]
[WhiteElo "2255"]
[BlackElo "2143"]
[Annotator "Donaldson"]
[PlyCount "49"]
[EventDate "2015.??.??"]

1. d4 Nf6 2. c4 e6 3. Nc3 Bb4 4. a3 Bxc3+ 5. bxc3 c5 6. f3 d5 7. cxd5 exd5 8.
e3 O-O 9. Bd3 Nc6 10. Ne2 cxd4 11. cxd4 Re8 12. Kf2 Bd7 13. Nf4 a6 14. g4 Ne4+
15. fxe4 Qh4+ 16. Kg2 Bxg4 17. Qf1 Rxe4 18. h3 Bf5 19. Ra2 Rae8 20. Kh2 (20.
Qf2) 20... Rxe3 21. Bxe3 Rxe3 22. Rg1 Nxd4 {Diagram [#]} (22... Bxd3 23. Nxd3
Qxd4) 23. Bxf5 $2 (23. Rxg7+ Kxg7 (23... Kf8 24. Rg8+ Ke7 25. Nxd5+) 24. Qg1+)
23... Nf3+ 24. Kh1 Nxg1 (24... Qxf4) 25. Ng2 $1 1-0

[Event "Mechanics' Spring TNM; G/2"]
[Site "San Francisco"]
[Date "2015.04.14"]
[Round "5.1"]
[White "Shaw, Tenzing"]
[Black "Wong, Russell"]
[Result "1/2-1/2"]
[WhiteElo "2255"]
[BlackElo "2215"]
[Annotator "Winslow,Elliott"]
[PlyCount "92"]
[EventDate "2015.??.??"]

1. d4 c5 2. d5 d6 3. c4 e5 4. e4 Be7 5. Nf3 Nf6 6. Nc3 a6 7. a4 O-O 8. Bd3 Nbd7
9. h3 Ne8 10. Be3 Rb8 11. Qd2 Qa5 12. O-O Qd8 13. Kh2 g6 14. g4 Ng7 15. Rg1 Kh8
16. Rg3 Nf6 17. Ne1 Nd7 18. Ng2 g5 19. Be2 Re8 20. Rh1 Nf8 21. h4 $5 ({
The computer reminds us that there's a queenside, too:} 21. Rb1 {
when maybe Black has to lock it up:} a5) 21... gxh4 22. Rh3 Ng6 23. Kg1 Rg8 24.
R3h2 Bd7 25. Kf1 Ne8 26. f3 Nc7 $2 {Diagram [#]} (26... Rg7 {
puts a hold on White's breakthrough}) 27. Nxh4 $1 Nxh4 28. Bf2 Rg7 29. Bxh4
Bxh4 30. Rxh4 f6 31. Qh6 Qe7 32. Kf2 b5 33. axb5 (33. cxb5 $5 axb5 34. b3 {
with a passed a-pawn to threaten Black on both fronts!?}) 33... axb5 34. b3 b4
$5 35. Nd1 Ra8 36. Ne3 Ra2 37. Rb1 Ne8 38. Rhh1 Qd8 39. Ra1 Qa5 40. Nc2 Kg8 41.
Rhb1 Bc8 42. Qc1 Rxa1 $2 {He didn't have to do this: any time White exchanges
the recapture on a2 will cause White more problems than plusses.} 43. Rxa1 Qd8
44. Ne3 ({or} 44. Qh6 {first!}) 44... Rb7 (44... h5 $5) 45. Qh1 Qc7 46. Qh5 Qf7
{White could certainly play on. +/- Stockfish.} 1/2-1/2

[Event "Mechanics' Summer TNM; G/2"]
[Site "San Francisco"]
[Date "2015.06.02"]
[Round "2.2"]
[White "Shaw, Tenzing W"]
[Black "Andries, Craig"]
[Result "1/2-1/2"]
[WhiteElo "2273"]
[BlackElo "1913"]
[PlyCount "65"]
[EventDate "2015.??.??"]

1. d4 f5 2. g3 e6 3. Bg2 d5 4. Nf3 Nf6 5. c4 c6 6. Qc2 Bd6 7. Nc3 O-O 8. O-O
Qe8 9. Bf4 Bxf4 10. gxf4 Nbd7 11. e3 Ne4 12. b4 Rf6 13. Nxe4 fxe4 14. Ng5 h6
15. Nh3 Nb6 16. c5 Nc4 17. Qe2 Bd7 18. Rab1 b5 19. f3 Qh5 20. Nf2 a5 21. h3
axb4 22. Ng4 Rff8 23. fxe4 Kh8 24. Rxb4 Ra3 25. Rb3 Rfa8 26. Rxa3 Rxa3 27. Rf2
Qh4 28. Ne5 Be8 29. Nxc4 bxc4 30. Qd2 Rd3 31. Qc1 Bh5 32. Rf1 Qg3 33. Qe1
1/2-1/2

[Event "Mechanics' Summer TNM; G/2"]
[Site "San Francisco"]
[Date "2015.06.16"]
[Round "4.3"]
[White "Shaw, Tenzing W"]
[Black "Khristoforov, Sergey"]
[Result "1-0"]
[WhiteElo "2273"]
[BlackElo "1948"]
[Annotator "Donaldson"]
[PlyCount "100"]
[EventDate "2015.??.??"]

1. d4 d5 2. c4 c6 3. Nc3 Nf6 4. e3 e6 5. Nf3 Be7 6. Qc2 O-O 7. Bd2 Nbd7 8. Rd1
Re8 9. Bd3 dxc4 10. Bxc4 b5 11. Bd3 b4 12. Na4 Bb7 13. e4 h6 14. O-O Rc8 15.
Nc5 Nxc5 16. dxc5 Qa5 17. Rc1 Nd7 18. Be3 Red8 19. Be2 Bf6 20. Qb3 Ba6 21. Rfe1
Bxe2 22. Rxe2 Qb5 23. Rd2 a5 24. a4 Qb8 25. Nd4 Qe5 26. Qc2 Be7 27. Nb3 Qc7 28.
f4 e5 29. Rf2 Nf6 30. h3 Rd7 31. Rcf1 Rcd8 32. fxe5 Qxe5 33. Nxa5 Qxe4 34. Qxe4
Nxe4 35. Rc2 Rc8 36. Rf4 Bd8 37. Rxe4 Bxa5 38. Rd2 Rdd8 39. b3 Re8 40. Rdd4
Rxe4 41. Rxe4 Rd8 42. Bf4 Rd3 43. Re8+ Kh7 44. Kf2 Bd8 45. Ke2 Rd5 46. Bd6 (46.
a5 $1 Bxa5 47. Bd6 {trying to checkmate Black's bishop was a powerful idea.})
46... Bg5 47. Re4 $2 (47. h4 $1 Bxh4 48. Rc8 Bg5 49. Rxc6 Rd2+ 50. Kf3 Rd3+ 51.
Ke4 Rxb3 52. Rb6 {looks to be winning although technique is still needed.})
47... Rd2+ 48. Kf1 Rd1+ 49. Ke2 Rd2+ 50. Ke1 Rxg2 {The game ends here with
Black resigning, but this looks to be premature. White can take on b4 as ...
Bd2+ can be met by Kf1 but 51.Rxb4 Ra2 only leaves White with a very slight
edge. This was one of the last games to finish and Black likely had very
little time left.} 1-0